Guess the Taylor Swift song no hints #31 - Statistics

General Stats
  • This quiz has been taken 78 times
  • The average score is 326 of 433
Answer Stats
Answer % Correct
a
98%
And
97%
and
97%
I
97%
(I
97%
the
97%
love
95%
you
95%
You
95%
you)
95%
(you)
95%
me
92%
to
92%
when
92%
your
92%
all
90%
in
90%
is
90%
We
90%
we
90%
where
90%
be
89%
He
89%
I'm
89%
Like
89%
my
89%
They
89%
not
87%
on
87%
So
87%
are
85%
But
85%
know
84%
go
82%
mine
82%
boy
80%
Boy
80%
of
80%
say
80%
then
80%
can
79%
him
79%
our
79%
don't
77%
his
77%
London
77%
as
75%
home
75%
that's
74%
with
74%
heart
72%
ah
70%
(oh)
70%
oh
70%
ooh)
70%
(ooh)
70%
American
69%
darling
69%
fancy
69%
just
69%
Just
69%
likes
69%
time
69%
afternoon
67%
child
67%
eyes
67%
from
67%
good
67%
now
67%
smile
67%
best
66%
enjoy
66%
saw
66%
walking
66%
have
64%
meet
64%
back
62%
Took
62%
true
62%
up
62%
wanna
62%
Wanna
62%
(wanna
62%
Babe
61%
English
61%
God
61%
first
59%
friends
59%
guess
59%
high
59%
mates
59%
something
59%
lives
57%
met
57%
much
57%
nights
57%
rumors
57%
(yeah)
57%
accent
56%
blue
54%
End
54%
find
52%
happened
52%
heard
52%
scooter
52%
street
52%
Tennessee
52%
whiskey
52%
school
51%
threaten
51%
Camden
49%
jeans
49%
laughing
49%
pub
49%
uni
49%
watching
49%
West
49%
dimples
48%
hometown
48%
Stella
48%
stories
48%
faded
46%
McCartney
46%
Motown
46%
rugby
46%
Show
46%
show
46%
sky
46%
tea
46%
V
46%
Doesn't
44%
gray
44%
Highgate
44%
rainy
44%
ride
44%
Brixton
43%
cab
43%
queen
43%
SoCal
43%
driving
39%
Springsteen
39%
drinking
38%
Market
38%
SoHo
38%
Louis
36%
Stick
36%
Bond
33%
please
33%
Shoreditch
31%
(ooh)
30%
riding
30%
Hackney
25%
Heath
25%
Uh
23%
Alright
11%
No matching quizzes found
Score Distribution
Percent of People with Each Score
Percentile by Number Answered
Your Score History
You have not taken this quiz